|
|
|
|
| LEADER |
00000nbm0a2200000 4500 |
| 001 |
189803 |
| 005 |
20231101224231.0 |
| 035 |
|
|
|a (RuTPU)RU\TPU\book\206532
|
| 035 |
|
|
|a RU\TPU\book\206529
|
| 090 |
|
|
|a 189803
|
| 100 |
|
|
|a 20110111j20101229k y0rusy50 ca
|
| 101 |
0 |
|
|a rus
|
| 102 |
|
|
|a RU
|
| 105 |
|
|
|a a m 001zy
|
| 200 |
1 |
|
|a Применение методов множественной линейной регрессиии и проекции на латентные структуры в спектрофотометрическом анализе многокомпонентных смесей (лекарственных и витаминных препаратов)
|e диссертация на соискание ученой степени кандидата химических наук
|e спец. 02.00.02
|f А. С. Шелпакова
|g Омский государственный университет им. Ф. М. Достоевского (ОмГУ), кафедра аналитической химии ; науч. рук. И. В. Власова
|
| 210 |
|
|
|a Омск
|d 2010
|
| 215 |
|
|
|a 162 л.
|c ил.
|
| 300 |
|
|
|a Защищена 29.12.2010 г.
|
| 320 |
|
|
|a Библиогр.: с. 111-130 (173 назв.).
|
| 606 |
1 |
|
|a Спектрофотометрический анализ
|2 stltpush
|3 (RuTPU)RU\TPU\subj\55821
|9 73779
|
| 610 |
1 |
|
|a многокомпонентные смеси
|
| 610 |
1 |
|
|a анализ
|
| 610 |
1 |
|
|a хемометрические алгоритмы
|
| 610 |
1 |
|
|a множественная линейная регрессия
|
| 610 |
1 |
|
|a применение
|
| 610 |
1 |
|
|a латентные структуры
|
| 610 |
1 |
|
|a проекции
|
| 610 |
1 |
|
|a реальные объекты
|
| 610 |
1 |
|
|a диссертации
|
| 675 |
|
|
|a 543.422.3(04)
|v 3
|
| 686 |
|
|
|a 02.00.02
|2 oksvnk
|
| 700 |
|
1 |
|a Шелпакова
|b А. С.
|g Анна Сергеевна
|
| 702 |
|
1 |
|a Власова
|b И. В.
|g Ирина Васильевна
|4 727
|
| 712 |
0 |
2 |
|a Омский государственный университет им. Ф. М. Достоевского (ОмГУ)
|b кафедра аналитической химии
|2 stltpush
|3 (RuTPU)RU\TPU\col\403
|
| 801 |
|
1 |
|a RU
|b 63413507
|c 20110111
|
| 801 |
|
2 |
|a RU
|b 63413507
|c 20141205
|g RCR
|
| 942 |
|
|
|c BK
|